| Поле | Инд. | ПП | Название | Значение |
|---|---|---|---|---|
| Тип записи | a | |||
| Библиографический уровень | a | |||
| 001 | Контрольный номер | d4b23fa6c9754cd1b6b6436cd8339f14 | ||
| 005 | Дата корректировки | 20221206134649.7 | ||
| 041 | 0_ | a | Код языка текста | rus |
| 080 | a | Индекс УДК | 378.1 | |
| 097 | b | Оператор | *Т* | |
| 100 | 1_ | a | Автор | Петропавловская В.Б. |
| 245 | 10 | a | Заглавие | Формирование цифровой образовательной среды |
| p | Название части/ раздела | - Текст : электронный | ||
| b | Продолж. заглавия | статья | ||
| 260 | a | Место издания | Тверь | |
| b | Издательство | ТвГТУ | ||
| 520 | 0_ | a | Аннотация | в статье разбираются трудности, с которыми сталкивается университет при развитии информационных платформ. Проанализировано влияние пандемии на цифровую образовательную среду. |
| 653 | 0_ | a | Ключевые слова | информационные технологии, цифровая образовательная среда, качество высшего образования, очная, заочная, дистанционная формы обучения, образовательная среда |
| 700 | 12 | a | Другие авторы | Артамонова С.В. |
| 773 | 18 | w | Контрольный № источника | 583c1ac9500744d7bd4f2de48d7f6782 |
| t | Название источника | Актуальные проблемы качества образования в высшей школе : материалы докладов научно-практической конференции / под редакцией В.Б. Петропавловской | ||
| d | Место и дата издания | Тверь : Тверской государственный технический университет, 2022 | ||
| g | Прочая информация | С. 124-127 | ||
| 773 | 18 | z | ISBN | 978-5-7995-1226-2 |
| 901 | t | Тип документа | a | |
| 905 | a | Дата создания записи | 27.10.22 | |
| 950 | a | Редактор записи | вш | |
| 951 | i | EL-ТГТУ? | Да |